000 01243nam a2200253 a 4500
001 BRCA_4640
005 20190320204739.0
008 290910s1865----sp-#######---#000-0#spa-#
041 _aspa
044 _asp
050 4 _aN3450
_b.C78 1865
100 1 _aCruzada Villaamil, D. Gregorio
_911743
245 1 0 _aCatálogo provisional historial y razonado del Museo Nacional de Pinturas
_cpor D. Gregorio Cruzada Villaamil.
260 _aMadrid
_bImprenta de Manuel Galiano
_c1865
300 _a288 p.
_c19 cm.
500 _aFormado de órden del Excmo. Sr. Ministro de Fomento Marqués de la Vega de Armijo, por D. Gregorio Cruzada Villaamil (Sub-director que fué del mismo Museo)
500 _aIncluye índice alfabético de los pintores españoles de quienes posee obras este museo, índice alfabético de los pintores extranjeros de quienes posee obras este museo e índice alfabético de los artistas cuyas obras forman la galería de cuadros contemporáneos y galería de cuadros contemporáneos pertenecientes al Museo Nacional
500 _aCFG14
610 2 4 _aMuseo Nacional de Pinturas
_zMadrid
_911744
650 1 4 _aPinturas
_vCatálogos
_zMadrid
_911379
650 1 4 _aPintores españoles
_97620
902 _aGFM
942 _2lcc
_cB
999 _c4343
_d4343